| 000 | 00385nam a22001457a 4500 | ||
|---|---|---|---|
| 999 |
_c533124 _d533124 |
||
| 003 | NUST | ||
| 020 | _a0273638807 | ||
| 038 | _awaseem | ||
| 082 |
_a658.1522 _bJOH |
||
| 100 |
_aJohnson, Hazel _926845 |
||
| 245 |
_aCorporate Finance Manual: _bDetermining Cost of Capital / _cHazel Johnson |
||
| 260 |
_aUnited Kingdom : _bPrentice Hall, _c1999. |
||
| 300 | _a207 p. ; | ||
| 942 |
_2ddc _cBK |
||